| 000 | 00517nam a2200145Ia 4500 | ||
|---|---|---|---|
| 008 | 211220s9999 xx 000 0 eng d | ||
| 041 | _aEnglish | ||
| 082 | _aRS.0832 | ||
| 100 |
_aShinde, S.V. _uD.A.V. Velankar College of Commerce Solapur _vSolapur |
||
| 245 | 2 |
_aA study of strategies for inclusive growth of Solapur district / _cS.V. Shinde |
|
| 260 |
_aNew Delhi : _bIndian Council oF Social Science Research, _c2014 |
||
| 300 | _axxvi, 425p. | ||
| 536 | _aIndian Council of Social Science Research | ||
| 942 | _cRP | ||
| 999 |
_c27184 _d27184 |
||